[Event "Niederoesterreich Landesliga 1213"]
[Site "Austria"]
[Date "2012.10.14"]
[Round "2"]
[White "Seidler, Dieter"]
[Black "Spielleuthner, Simon"]
[Result "1/2-1/2"]
[WhiteElo "1908"]
[BlackElo "1934"]
[PlyCount "123"]
[EventDate "2012.09.30"]
[EventType "team-tourn"]
[EventRounds "7"]
[EventCountry "AUT"]
[SourceTitle "EXT 2022"]
[Source "ChessBase"]
[SourceDate "2021.10.06"]
[SourceVersion "1"]
[SourceVersionDate "2021.10.06"]
[SourceQuality "1"]

1. d4 d5 2. Nf3 Nf6 3. e3 e6 4. c4 c6 5. Nc3 Nbd7 6. Bd3 dxc4 7. Bxc4 b5 8. Bd3 a6 9. 0-0 c5 10. Qe2 Bb7 11. Rd1 Rc8 12. Bd2 Qb6 13. Rac1 Be7 14. dxc5 Bxc5 15. a3 0-0 16. b4 Be7 17. e4 Qa7 18. Bb1 Rfd8 19. Be3 Qa8 20. Bd4 Nf8 21. e5 Nd5 22. Nxd5 Bxd5 23. Rxc8 Rxc8 24. Ne1 Nd7 25. f4 g6 26. Qd2 Qc6 27. Nd3 Nb6 28. Rc1 Nc4 29. Qf2 Qa8 30. Bc5 Bxc5 31. Nxc5 Nxa3 32. Ba2 Nc4 33. Bxc4 Bxc4 34. Ra1 Rd8 35. h3 Qd5 36. Rxa6 Qd4 37. Ra7 Qxf2+ 38. Kxf2 Rd2+ 39. Ke3 Rxg2 40. Ra8+ Kg7 41. Nd7 Rg3+ 42. Kf2 Rf3+ 43. Kxf3 Bd5+ 44. Ke3 Bxa8 45. Nf6 Bg2 46. Ne8+ Kf8 47. Nd6 Bf1 48. Kf2 Bxh3 49. Nxb5 Ke7 50. Nd6 h5 51. b5 Kd7 52. Nxf7 Kc7 53. Kg3 Bf1 54. Nd6 Kb6 55. Kh4 Bxb5 56. Nc8+ Kc5 57. Ne7 Bd3 58. Kg5 Be4 59. Nxg6 Bxg6 60. Kxg6 h4 61. f5 exf5 62. Kxf5 1/2-1/2

[Event "Niederoesterreich Landesliga 1011"]
[Site "Austria"]
[Date "2010.11.07"]
[Round "5"]
[White "Amberger, Dieter"]
[Black "Spielleuthner, Simon"]
[Result "1/2-1/2"]
[WhiteElo "2057"]
[BlackElo "1862"]
[PlyCount "76"]
[EventDate "2010.09.12"]
[EventType "team-tourn"]
[EventRounds "13"]
[EventCountry "AUT"]
[SourceTitle "EXT 2022"]
[Source "ChessBase"]
[SourceDate "2021.10.06"]
[SourceVersion "1"]
[SourceVersionDate "2021.10.06"]
[SourceQuality "1"]

1. d4 d5 2. c4 c6 3. Nf3 Nf6 4. e3 e6 5. Nc3 Nbd7 6. Bd3 dxc4 7. Bxc4 b5 8. Bd3 a6 9. e4 c5 10. e5 Nd5 11. Nxd5 exd5 12. 0-0 Be7 13. Re1 0-0 14. a3 Re8 15. Bd2 cxd4 16. Nxd4 Bc5 17. Nb3 Bb6 18. Bc3 Qg5 19. Bc2 Bb7 20. Bd4 Bxd4 21. Qxd4 Rxe5 22. Na5 Rb8 23. Nxb7 Rxb7 24. f4 Rxe1+ 25. Rxe1 Qd8 26. Qxd5 Qb6+ 27. Kf1 Nf6 28. Bb3 h6 29. Qf3 Rd7 30. Rd1 Rxd1+ 31. Qxd1 Qe3 32. Qd8+ Kh7 33. Bxf7 Qxf4+ 34. Ke2 Qe4+ 35. Kd1 Qb1+ 36. Ke2 Qxb2+ 37. Qd2 Qe5+ 38. Kd1 Qa1+ 1/2-1/2

[Event "AUT-ch U16"]
[Site "Bad Ischl"]
[Date "2007.04.02"]
[Round "5"]
[White "Binder, Michael"]
[Black "Spielleuthner, Simon"]
[Result "1-0"]
[WhiteElo "1922"]
[BlackElo "1742"]
[PlyCount "61"]
[EventDate "2007.03.31"]
[EventType "swiss"]
[EventRounds "7"]
[EventCountry "AUT"]
[SourceTitle "EXT 2008"]
[Source "ChessBase"]
[SourceDate "2007.11.25"]
[SourceVersion "1"]
[SourceVersionDate "2007.11.25"]
[SourceQuality "1"]

1. e4 e5 2. Nf3 Nc6 3. Bb5 d6 4. d4 Bg4 5. d5 a6 6. Bd3 Nd4 7. Nbd2 Qf6 8. h3 Nxf3+ 9. Nxf3 Bxf3 10. Qxf3 g6 11. Qxf6 Nxf6 12. Be3 Bg7 13. c4 b6 14. Ke2 0-0 15. g4 Nd7 16. b4 a5 17. a3 Rfe8 18. Bc2 Ra6 19. Ba4 Rd8 20. Bb5 Ra7 21. Bxd7 Rxd7 22. c5 bxc5 23. bxc5 Ra8 24. c6 Rdd8 25. Rab1 Rdb8 26. Kd2 h6 27. Kc2 Kh7 28. Rxb8 Rxb8 29. Rb1 Rxb1 30. Kxb1 Bf6 31. Bb6 1-0

[Event "AUT-ch U16"]
[Site "Bad Ischl"]
[Date "2007.04.01"]
[Round "3"]
[White "Platzgummer, Fabian"]
[Black "Spielleuthner, Simon"]
[Result "1-0"]
[WhiteElo "2121"]
[BlackElo "1742"]
[PlyCount "59"]
[EventDate "2007.03.31"]
[EventType "swiss"]
[EventRounds "7"]
[EventCountry "AUT"]
[SourceTitle "EXT 2008"]
[Source "ChessBase"]
[SourceDate "2007.11.25"]
[SourceVersion "1"]
[SourceVersionDate "2007.11.25"]
[SourceQuality "1"]

1. d4 d5 2. c4 c6 3. Nc3 Nf6 4. Nf3 e6 5. Bg5 h6 6. Bxf6 Qxf6 7. e3 Nd7 8. Bd3 dxc4 9. Bxc4 Nb6 10. Bd3 Bd7 11. 0-0 Qd8 12. Rc1 Bd6 13. Ne4 Qc7 14. Nxd6+ Qxd6 15. Ne5 0-0 16. Bb1 Rad8 17. Qc2 f5 18. f4 Nd5 19. Rf3 Nf6 20. Qb3 Ne4 21. Bxe4 fxe4 22. Rg3 Bc8 23. Qc2 Qd5 24. Qd1 Rd7 25. Nxd7 Bxd7 26. b3 Kh8 27. Qg4 Rf7 28. Rc5 Qd6 29. Qg6 Qf8 30. Qxe4 1-0